Problem Solving in 'C'/ (Record no. 186303)

MARC details
000 -LEADER
fixed length control field 00577nam a22001817a 4500
005 - DATE AND TIME OF LATEST TRANSACTION
control field 20220222123620.0
010 ## - LCCN (DPL NO)
LC control number ENG-131736
020 ## - INTERNATIONAL STANDARD BOOK NUMBER
International Standard Book Number 9789383640256
Terms of availability 299.00
035 ## - SYSTEM CONTROL NUMBER
System control number EN-115268
037 ## - SOURCE OF ACQUISITION
Source of stock number/acquisition DBAD
082 ## - DEWEY DECIMAL CLASSIFICATION NUMBER
Classification number 005.13
245 ## - TITLE STATEMENT
Title Problem Solving in 'C'/
Statement of responsibility, etc T. Venkateswarlu et.al.
260 ## - PUBLICATION, DISTRIBUTION, ETC. (IMPRINT)
Place of publication, distribution, etc Hyderabad
Name of publisher, distributor, etc Spectrum Techno Press
Date of publication, distribution, etc 2021
270 ## - ADDRESS
Address # 326/C, Level-2, Surneni Nilayam Near B K Guda Park, S R Nagar
City Hyderabad
Postal code 500038
300 ## - PHYSICAL DESCRIPTION
Extent xvi, 384p.
Dimensions 24cm(pbk)
700 ## - ADDED ENTRY--PERSONAL NAME
Personal name Venkateswarlu, T. et.al.
942 ## - ADDED ENTRY ELEMENTS (KOHA)
Source of classification or shelving scheme Dewey Decimal Classification
Item type English Books
Classification part 005.13
Call number suffix VEN
Holdings
Withdrawn status Lost status Not for loan Collection code Home library Current library Date acquired Source of acquisition Cost, normal purchase price Full call number Barcode Copy number Cost, replacement price Koha item type
      Non-fiction Bawana Bawana 22/02/2022 DBAD/PUB 299.00 005.13 PRO EN-115268 1 299.00 English Books

© Delhi Public Library
Hit Counter
free hit counter